| 000 | 00435cam a2200181ua 4500 | ||
|---|---|---|---|
| 020 | _c2.75 | ||
| 041 |
_ahin _h |
||
| 082 |
_a891.54 _bVIN/RE |
||
| 100 | _aVinod Chandra Panday, . | ||
| 245 |
_aRet, Shunya, hawa / _cVinod Chandra panday. _hTextual Documents |
||
| 250 |
_a1 / _b. |
||
| 260 |
_a : _bRajkaml Prakashan , _c1962. |
||
| 300 | _a139 ; . | ||
| 365 | _a2.75 | ||
| 504 | _a | ||
| 942 | _cBK | ||
| 999 |
_c3019 _d3019 |
||